| 000 | 01515cam a2200385Ka 4500 | ||
|---|---|---|---|
| 001 | 91297 | ||
| 005 | 20230410132658.0 | ||
| 008 | 051110s1987 caua c 000 0 eng | ||
| 035 | _a(OCoLC)ocm62253744 | ||
| 040 |
_aNOG _cNOG _dBAKER |
||
| 020 | _a0811836630 | ||
| 020 | _a9780811836630 | ||
| 035 | _a(OCoLC)62253744 | ||
| 050 | 1 | 4 |
_aPS 509 _bD537 1987 |
| 049 | _aGRAL | ||
| 245 | 0 | 0 |
_aDiamonds are forever : _bartists and writers on baseball / _cedited by Peter H. Gordon with Sydney Waller and Paul Weinman ; ; introduction by Donald Hall |
| 250 | _a2nd ed. | ||
| 260 |
_aSan Francisco : _bChronicle Books, _c1987 |
||
| 300 |
_a166 p. : _bill. (some col.) ; _c31 cm. |
||
| 500 | _a"From the exhibition organized by the New York State Museum in association with the Smithsonian Institution Traveling Exhibition Service." | ||
| 500 | _a"Published ... in association with Smithsonian Institution Traveling Exhibition Service and New York State Museum, Albany"--T.p. verso. | ||
| 650 | 0 |
_aBaseball _vLiterary collections. |
|
| 650 | 0 |
_aAmerican literature _y20th century. |
|
| 650 | 0 | _aBaseball in art. | |
| 650 | 0 |
_aBaseball in art _vExhibitions. |
|
| 700 | 1 | _aGordon, Peter H. | |
| 700 | 1 | _aWaller, Sydney. | |
| 700 | 1 | _aWeinman, Paul L. | |
| 710 | 2 | _aNew York State Museum. | |
| 710 | 2 |
_aSmithsonian Institution. _bTraveling Exhibition Service. |
|
| 938 |
_aBaker & Taylor _bBKTY _c19.95 _d14.96 _i0811836630 _n0003964171 _sactive |
||
| 942 |
_2lcc _cbk |
||
| 994 |
_aC0 _bDRFGD |
||
| 946 | _as h | ||
| 999 |
_c85814 _d85814 |
||